[Event "76th ch-UKR Women 2016"]
[Site "Rivne UKR"]
[Date "2016.12.17"]
[Round "9.3"]
[White "Martynkova, Olena"]
[Black "Ivanenko, Olga I."]
[Result "0-1"]
[WhiteTitle "WFM"]
[BlackTitle "WFM"]
[WhiteElo "2280"]
[BlackElo "2261"]
[WhiteFideId "14134039"]
[BlackFideId "14121093"]
[EventDate "2016.12.08"]

1. d4 Nf6 2. c4 g6 3. Nf3 Bg7 4. g3 d5 5. cxd5 Nxd5 6. Bg2 Nb6 7. O-O Nc6 8. e3
O-O 9. Nc3 a5 10. b3 e5 11. Ba3 Re8 12. dxe5 Nxe5 13. Nd4 Bg4 14. Qc2 c6 15. h3
Be6 16. Rfd1 Qg5 17. Ne4 Qh5 18. Nxe6 Rxe6 19. Nc5 Ree8 20. g4 Qh4 21. Nxb7 Nd5
22. Nd6 Re6 23. Rac1 h5 24. gxh5 Qxh5 25. Ne4 Rae8 26. Ng3 Qg5 27. Kh2 Qh4 28.
Bc5 Ng4+ 29. Kg1 Ngxe3 30. fxe3 Qxg3 31. Qf2 Qg5 32. h4 Qg4 33. Qf3 Qxh4 34. Rc4
Qh6 35. e4 Nf4 36. Be3 Be5 37. Rc5 Rf6 38. Rxe5 Rxe5 39. Rd8+ Kh7 40. Bd4 Rfe6
41. Bxe5 Rxe5 42. Kf1 Qg5 43. Rd7 Kg8 44. Bh3 Rc5 45. Rd1 Nxh3 46. Qxh3 Qf4+ 47.
Ke1 Qxe4+ 48. Kf1 Qf4+ 49. Kg1 Rg5+ 50. Kh1 Qe4+ 51. Kh2 Qe2+ 0-1

[Event "76th ch-UKR Women 2016"]
[Site "Rivne UKR"]
[Date "2016.12.17"]
[Round "9.4"]
[White "Gaponenko, Inna"]
[Black "Dolzhykova, Kateryna"]
[Result "1-0"]
[WhiteTitle "IM"]
[BlackTitle "WIM"]
[WhiteElo "2411"]
[BlackElo "2269"]
[WhiteFideId "14101181"]
[BlackFideId "14113414"]
[EventDate "2016.12.08"]

1. e4 c5 2. Nf3 d6 3. d4 cxd4 4. Nxd4 Nf6 5. Nc3 g6 6. Be3 Bg7 7. f3 Nc6 8. Qd2
O-O 9. Bc4 Bd7 10. O-O-O Rb8 11. Bb3 Na5 12. Bh6 b5 13. Bxg7 Kxg7 14. Nd5 Nxb3+
15. Nxb3 Nxd5 16. exd5 b4 17. h4 h5 18. g4 Rh8 19. Rde1 a5 20. Nd4 a4 21. Re4 b3
22. axb3 axb3 23. Qc3 Kg8 24. Rhe1 hxg4 25. Nc6 Bxc6 26. dxc6 Ra8 27. c7 Qc8 28.
Rxe7 Ra1+ 29. Kd2 Rxe1 30. Kxe1 Rxh4 31. Qxb3 Rh1+ 32. Kd2 Rh2+ 33. Ke3 Qf5 34.
c8=Q+ 1-0

[Event "76th ch-UKR Women 2016"]
[Site "Rivne UKR"]
[Date "2016.12.17"]
[Round "9.5"]
[White "Babiy, Olga"]
[Black "Osmak, Iulija"]
[Result "0-1"]
[WhiteTitle "WGM"]
[BlackTitle "WGM"]
[WhiteElo "2322"]
[BlackElo "2346"]
[WhiteFideId "14117258"]
[BlackFideId "14101602"]
[EventDate "2016.12.08"]

1. e4 e5 2. Nf3 Nc6 3. Bb5 a6 4. Ba4 Nf6 5. d3 b5 6. Bb3 Be7 7. Nc3 d6 8. a3 O-O
9. O-O Bg4 10. Be3 Nd4 11. Bxd4 exd4 12. Nd5 c6 13. Nxe7+ Qxe7 14. h3 Bxf3 15.
Qxf3 Nd7 16. Rae1 Rab8 17. e5 Nxe5 18. Qe4 Qc7 19. f4 Nd7 20. Qxd4 Rbe8 21. c4
Nf6 22. Bd1 c5 23. Qc3 Qb6 24. Kh2 d5 25. cxd5 Nxd5 26. Qd2 Qf6 27. Re4 Qd6 28.
Bf3 Rxe4 29. Bxe4 Nf6 30. Qc2 Re8 31. Bb7 Re3 32. b4 cxb4 33. axb4 h6 34. Be4 g6
35. Qc8+ Kg7 36. Qc3 Kh7 37. Qd2 Rxe4 38. Qa2 Qe6 0-1